000 01249ny aa2200253n 44500
005 20240305165330.0
008 020326s2001 sp s 000 0 spa c
020 _a9788497683708
035 _a5257
040 _avlex
090 _c1423
_d1423
245 0 0 _aActas de derecho industrial y derecho de autor.
_bTomo XXVI
_cInstituto de Derecho Industrial de la Universidad de Santiago de Compostela;
_h[Recurso electrónico]
_p(2005)
256 _aServicio en línea
260 _a[Santiago de Compostela] :
_bUniversidad de Santiago de Compostela, Departamento de Derecho Mercantil y del Trabajo ;
260 _aMadrid :
_bMarcial Pons
_c[2006]
300 _a1328 p.
506 1 _aContenido solo disponible en los productos indicados
_dvLex Global
_dvLex Global (Academic Edition, excluding Law Schools)
_dvLex Global (U.S. Academic Edition, Law Schools)
_dvLex Global (U.S. Academic Edition, excluding Law Schools)
_dvLex Global (Academic Edition, Law Schools)
650 0 7 _aIndustrias
_2Tesauro vLex
650 0 7 _aDerecho industrial
_2Tesauro vLex
710 2 _aUniversidad de Santiago de Compostela.
_bInstituto de Derecho Industrial
740 0 _avLex Libros (Servicios en línea)
856 4 0 _uhttps://app.vlex.com/#/sources/5257
942 _cRAA
999 _c159897
_d159897